Estudios geográficos: homenaje de la Facultad de Filosofía y Educación a Don. Humberto Fuenzalida Villegas

Saved in:
書目詳細資料
Main Authors: Flores S., Eusebio (Author), Borgel Olivares, Reynaldo (Author), Concha M., Manuel (Author), Cunill Grau, Pedro (Author), Galdames G., Juan (Author), MacPhail, Donald (Author), Paskoff, Ronald (Author), Santana, Rómulo (Author), Sepúlveda, Sergio (Author), Weischet, Wolfgang (Author), Zeil, Werner (Author)
格式: 圖書
語言:西班牙语
出版: Santiago Universidad de Chile 1966
主題:
標簽: 添加標簽
沒有標簽, 成為第一個標記此記錄!

MARC

LEADER 00000nam a2200000 a 4500
001 UCU2054
003 CL-VaPUC
008 960419e19660000CL |||||||||||||||||spa|d
082 0 4 |a 910.02  |b FLO  |2 21 
100 0 |a Flores S., Eusebio  |e author  |9 357896 
700 0 |a Borgel Olivares, Reynaldo  |e author  |9 357897 
700 0 |a Concha M., Manuel  |e author  |9 357898 
700 0 |a Cunill Grau, Pedro  |e author  |9 357899 
700 0 |a Galdames G., Juan  |e author  |9 357900 
700 0 |a MacPhail, Donald  |e author  |9 357901 
700 0 |a Paskoff, Ronald  |e author  |9 357902 
700 0 |a Santana, Rómulo  |e author  |9 357903 
700 0 |a Sepúlveda, Sergio  |e author  |9 357904 
700 0 |a Weischet, Wolfgang  |e author  |9 357905 
700 0 |a Zeil, Werner  |e author  |9 357906 
245 1 0 |a Estudios geográficos: homenaje de la Facultad de Filosofía y Educación a Don. Humberto Fuenzalida Villegas 
300 |a 232 p 
942 |c BK 
945 |d 19960419 00:00:00  |a paguirre 
260 |a Santiago  |b Universidad de Chile  |c 1966 
500 |a Incluye 12 mapas 
600 0 7 |a CORDILLERA DE LOS ANDES  |2 CL-VaPUC  |9 357907 
650 0 |a Geografía  |9 259346 
650 0 |a Geomorfología   |9 261377 
650 0 |a Ciencias de la tierra  |9 261541 
650 0 |a Geografía urbana  |9 267904 
651 0 |a Santiago  |9 265444 
651 0 |a Venezuela  |9 254993 
651 0 |a España  |9 254926 
651 7 |a CHILE  |2 CL-VaPUC  |9 357908 
583 |a last modification  |c 20131003 04:34:44  |k Rodrigo Vera 
999 |c 246453  |d 246451 
952 |0 0  |1 0  |4 0  |6 910_020000000000000_FLO_1966  |7 0  |8 A  |9 261440  |a BIBING  |b BIBING  |d 2019-11-19  |i 2018683  |o 910.02 FLO 1966  |p 2018683  |r 2025-01-20  |w 2019-11-19  |y BK  |k GEO